000 00580nam a2200205 a 4500
005 20230324063516.0
008 991125c1983 mx 000 0 fre u
020 _a9686042423
035 _aUPN01000038445
049 _aCG
050 4 _aPC2066 M47
245 0 0 _aMéthode de francais 1 :
_bguide pédagogique /
_cAnnie Moonerie-Goarin...[et al.]
260 _aMéxico :
_bLarousse,
_c1983
300 _a31 p
440 0 _aIntercodes M.H.
650 4 _aFrancés
_xEstudio y enseñanza
_913059
700 2 _aMonn
_derie-Goarin,
_ecoaut.
904 _aAC
_b038447
905 _aLibro
999 _c38445
_d38445